Statistics for Hard NFL Quiz

Click here to take the quiz!

General Stats

  • This quiz has been taken 132 times
  • The average score is 19 of 30

Answer Stats

HintAnswer% Correct
Justin Jefferson's star rating in High School3
93%
How many teams did Randy Moss play for5
91%
Chiefs QB before Patrick MahomesAlex Smith
85%
HOF Runningback for the LionsBarry Sanders
83%
Brett Favre's Last TeamMinnesota Vikings
81%
Jalen Ramsey's Draft Year2016
80%
Lost 4 Super Bowls in a rowBuffalo Bills
79%
Joe Burrow transferred to LSU fromOhio State
77%
Undrafted HOF QB who won a SB for the RamsKurt Warner
76%
Aaron Rodgers and Tom Brady's favorite NFL team growing up49ers
75%
This family of brothers once faced each other in the Super Bowl as Head CoachesHarbaugh
74%
Nicknamed "Sweetness"Walter Payton
74%
Patriots QB before Tom BradyDrew Bledsoe
73%
Current Head Coach of the New York Jets (as of 2022)Robert Saleh
72%
Sauce Gardner's collegeCincinnati
68%
1st Overall Pick in the 2022 DraftTravon Walker
68%
First Super Bowl MVPBart Starr
67%
Who won MVP in 2018Patrick Mahomes
66%
Brett Favre's First TeamAtlanta Falcons
60%
Drafted 1 pick before Justin JeffersonJalen Reagor
60%
This player (as of 2022) has the single season record for receiving yardsCalvin Johnson
58%
2022 CFB Heismann WinnerCaleb Williams
53%
Kirk Cousins's collegeMichigan State
51%
WWE Wrestler who played a few preseason snaps for the VikingsBrock Lesnar
50%
Where did SBLIV occur (KC vs. SF)Miami
50%
All time leading NFL ScorerAdam Vinatieri
49%
1st Overall Pick in the 2004 DraftEli Manning
46%
5th Overall Pick in the 2020 DraftTua Tagovailoa
43%
Allen Lazard's first teamJacksonville Jaguars
29%
32nd Overall Pick in the 2014 DraftTeddy Bridgewater
18%

Score Distribution

Percentile by Number Answered

Percent of People with Each Score

Your Score History

You have not taken this quiz